000 00306nam a22001337a 4500
008 170824b xxu||||| |||| 00| 0 eng d
020 _a9781256328285
041 _aeng
080 _a514
100 _a38
101 _aMAT
245 _aEXCURSIONSIN MODERN MATHEMATICS
_cTANNENBAUM.P
942 _2udc
_cBK
999 _c24950
_d24950